000165947 001__ 165947
000165947 005__ 20260116002212.0
000165947 0248_ $$2sideral$$a147393
000165947 037__ $$aART-2016-147393
000165947 041__ $$aeng
000165947 100__ $$aVives-Barquiel, M.
000165947 245__ $$aSalvage of upper extremity in an aggressive case of Pasteurella multocida infection.
000165947 260__ $$c2016
000165947 540__ $$9info:eu-repo/semantics/closedAccess$$aAll rights reserved$$uhttp://www.europeana.eu/rights/rr-f/
000165947 590__ $$a1.494$$b2016
000165947 591__ $$aEMERGENCY MEDICINE$$b11 / 24 = 0.458$$c2016$$dQ2$$eT2
000165947 592__ $$a0.61$$b2016
000165947 593__ $$aEmergency Medicine$$c2016$$dQ1
000165947 593__ $$aMedicine (miscellaneous)$$c2016$$dQ2
000165947 655_4 $$ainfo:eu-repo/semantics/article$$vinfo:eu-repo/semantics/publishedVersion
000165947 700__ $$0(orcid)0000-0003-1114-4045$$aBallesteros-Betancourt, J.R.
000165947 700__ $$aGarcía-Tarriño, R.
000165947 700__ $$aFernández-Valencia, J.A.
000165947 773__ $$g34, 12 (2016), 2470.e1 - 2470.e3$$pAm. j. emerg. med.$$tAMERICAN JOURNAL OF EMERGENCY MEDICINE$$x0735-6757
000165947 8564_ $$s551973$$uhttps://zaguan.unizar.es/record/165947/files/texto_completo.pdf$$yVersión publicada
000165947 8564_ $$s3592619$$uhttps://zaguan.unizar.es/record/165947/files/texto_completo.jpg?subformat=icon$$xicon$$yVersión publicada
000165947 909CO $$ooai:zaguan.unizar.es:165947$$particulos$$pdriver
000165947 951__ $$a2026-01-15-21:57:11
000165947 980__ $$aARTICLE